Le cavalier sans tête (Record no. 14001)

MARC details
010 ## - Numéro international normalisé du livre (ISBN)
ISBN 9782958676452
Disponibilité et/ou prix 6 EUR
099 ## - Visibilité opac
notice masquée en opac Non
100 ## - Données générales de traitement
Données générales de traitement 20240624d2024 a y0frey50 ba
101 0# - Langue de la ressource
Langue du texte, de la bande son, etc. français
102 ## - Pays de publication ou de production
Pays de publication France
200 1# - Titre et mention de responsabilité
Titre propre Le cavalier sans tête
Indication générale du type de document Livre
214 #0 - Mentions de production, publication, diffusion et manufacture
Nom de l’éditeur la Maison théâtre
Date de publication DL 2024
214 #3 - Mentions de production, publication, diffusion et manufacture
Nom de l’éditeur Ott impr.
215 ## - Description physique
Nombre de pages 1 vol. (29 p.)
225 ## - Collection
Titre de la collection Les cahiers théâtre
Numéro de collection n° 14
300 ## - Notes générales
Texte de la note Commande de la Maison théâtre dans le cadre du projet "Petite philo pour grands matins"
323 ## - Nombre de personnages
Texte de la note 12 personnages
330 ## - Résumé ou extrait
Texte de la note « Est-ce que voler un médicament à la pharmacie pour guérir son père, c'est mal ? » Après cette question posée à sa maîtresse, Siam se cache dans la pharmacie de son quartier. Début d'une aventure rocambolesque avec des caméras de surveillance invitées à aller filmer la mer et un étrange cavalier vengeur. Samuel Gallet a écrit pour les enfants une pièce sensible et fantastique pour philosopher en pratiquant le théâtre.
610 ## - Mot-clé
Mot-clé jeunesse
-- fantastique
-- action
700 ## - Auteur principal
Nom Gallet
Prénom Samuel
Dates 1981-....
105 ## - Zone de données codées : textes, monographies
Données codées sur les monographies textuelles ||||z 00|a|
181 #0 - Zone de données codées : Forme de la ressource
Données de liaison entre champs 01
Forme du contenu selon l’ISBD sous forme codée i
Qualificatif(s) du contenu selon l’ISBD sous forme codée xxxe
181 ## - Zone de données codées : Forme de la ressource
Données de liaison entre champs 02
Autre référentiel utilisé pour coder la forme du contenu texte
Code du référentiel rdacontent
182 #0 - Zone de données codées : type de média
Données de liaison entre champs 01
Type de médiation selon l’ISBD sous forme codée sans média
182 ## - Zone de données codées : type de média
Données de liaison entre champs 02
Autre référentiel utilisé pour coder le type de médiation sans média
Code du référentiel rdamedia
214 #0 - Mentions de production, publication, diffusion et manufacture
Lieu de publication, production, distribution/diffusion, fabrication Strasbourg
214 #3 - Mentions de production, publication, diffusion et manufacture
Lieu de publication, production, distribution/diffusion, fabrication 67-Wasselonne
215 ## - Description physique
Dimensions 21 cm
225 ## - Collection
Complément du titre 8-11 ans
321 ## - note sur les index, extraits et citations publiés séparément
Nom de la source La Revue des livres pour enfants
Numéro international normalisé 0398-8384
Localisation dans la source 340
321 ## - note sur les index, extraits et citations publiés séparément
Nom de la source La Revue des livres pour enfants. Sélection annuelle
Localisation dans la source 344
333 ## - Note sur le public destinataire
Texte de la note À partir de 9 ans
410 #0 - Collection
Identifiant de la notice bibliographique liée 47252827
410 #0 - Collection
Titre de l'oeuvre Les Cahiers théâtre (Strasbourg)
ISSN 3039-5577
Numéro de volume 14
608 ## - Vedette de Forme, Genre ou Caractéristiques physiques
Élément d'entrée Théâtre
Code du format utilisé CNLJ
686 ## - Autres numéros de classification
Indice 802
Code du format utilisé Cadre de classement de la Bibliographie nationale française
700 ## - Auteur principal
Identifiant de la notice d'autorité 15863315
Identifiant international normalisé pour les noms ISNI0000000363438942
Code de fonction Auteur
801 #0 - Origine de la notice
Pays FR
Agence de catalogage FR-751131015
Date de la transaction 20240624
Règles de catalogage utilisées AFNOR
Identifiant d'origine FRBNF475002880000000
Code du format utilisé intermrc
856 #2 - Adresse électronique et mode d’accès
Uniform Resource Identifier 894161
Numéro d'accès Première de couverture
000 -Etiquette de la notice
Leader 02063cam a2200505 4500
003 - Identifiant de la notice
Identifiant http://catalogue.bnf.fr/ark:/12148/cb475002883
005 - Identifiant de la version
Identifiant 20260113164444.0
020 ## - Numéro de l'agence bibliographique nationale
Code de pays France
Indice 02437062
073 #0 - EAN
Numéro normalisé 9782958676452
Holdings
Exclu du prêt Date de création Site actuel Code barre Date prix de remplacement Cote Statut Site de rattachement Type de document Koha
  13.01.2026 Théâtre Joliette JOL 007702 13.01.2026 TH JP GAL 12   Théâtre Joliette Livre